| 000 -LEADER |
| fixed length control field |
00600nam a22001937a 4500 |
| 001 - CONTROL NUMBER |
| control field |
19137 |
| 003 - CONTROL NUMBER IDENTIFIER |
| control field |
BD-DhUAP |
| 005 - DATE AND TIME OF LATEST TRANSACTION |
| control field |
20200311111833.0 |
| 008 - FIXED-LENGTH DATA ELEMENTS--GENERAL INFORMATION |
| fixed length control field |
200311s1972 bg a|||| |||| 00| 0 eng d |
| 040 ## - CATALOGING SOURCE |
| Original cataloging agency |
BD-DhUAP |
| Language of cataloging |
Eng |
| Transcribing agency |
BD-DhUAP |
| Modifying agency |
BD-DhUAP |
| 082 ## - DEWEY DECIMAL CLASSIFICATION NUMBER |
| Edition number |
23 |
| Classification number |
954.9205 FAR |
| 100 ## - MAIN ENTRY--PERSONAL NAME |
| Personal name |
Faruque, Md. Omar. |
| 245 ## - TITLE STATEMENT |
| Title |
Emergence of Bangladesh : |
| Remainder of title |
a journey through the history of the sub-continent / |
| Statement of responsibility, etc. |
Md. Omar Faruque. |
| 250 ## - EDITION STATEMENT |
| Edition statement |
2nd ed. |
| 260 ## - PUBLICATION, DISTRIBUTION, ETC. |
| Place of publication, distribution, etc. |
Dhaka : |
| Name of publisher, distributor, etc. |
Nabarun publications, |
| Date of publication, distribution, etc. |
c1972. |
| 300 ## - PHYSICAL DESCRIPTION |
| Extent |
287 pages : |
| Other physical details |
illustrations ; |
| Dimensions |
22 cm. |
| 650 ## - SUBJECT ADDED ENTRY--TOPICAL TERM |
| Topical term or geographic name entry element |
History |
| Geographic subdivision |
Bangladesh. |
| 942 ## - ADDED ENTRY ELEMENTS (KOHA) |
| Source of classification or shelving scheme |
|
| Koha item type |
Book |